Agent immobilier
Examen des problèmes posés par l'exercice de l'activité d'agent immobilier, depuis la réglementation professionnelle jusqu'à la rédaction des promesses de vente. À jour du décret du 21 octobre 2005 et de la circulaire du 6 janvier 2006 sur les conditions d'accès à...
Spremljeno u:
| Glavni autor: | |
|---|---|
| Format: | Knjiga |
| Jezik: | Undetermined |
| Izdano: |
Paris
Ed. Delmas
2008
|
| Teme: | |
| Oznake: |
Dodaj oznaku
Bez oznaka, Budi prvi tko označuje ovaj zapis!
|
| Thư viện lưu trữ: | Trung tâm Học liệu Trường Đại học Cần Thơ |
|---|
| LEADER | 00858nam a2200205Ia 4500 | ||
|---|---|---|---|
| 001 | CTU_187493 | ||
| 008 | 210402s9999 xx 000 0 und d | ||
| 082 | |a 346.043 | ||
| 082 | |b M938 | ||
| 100 | |a Moyse, Jean-Marie | ||
| 245 | 0 | |a Agent immobilier | |
| 245 | 0 | |c Jean-Marie Moyse, Guy Amoyel | |
| 260 | |a Paris | ||
| 260 | |b Ed. Delmas | ||
| 260 | |c 2008 | ||
| 520 | |a Examen des problèmes posés par l'exercice de l'activité d'agent immobilier, depuis la réglementation professionnelle jusqu'à la rédaction des promesses de vente. À jour du décret du 21 octobre 2005 et de la circulaire du 6 janvier 2006 sur les conditions d'accès à la profession et la loi de finances pour. | ||
| 650 | |a Agents immobiliers,Môi giới | ||
| 650 | |z France,Pháp | ||
| 904 | |i Trúc | ||
| 980 | |a Trung tâm Học liệu Trường Đại học Cần Thơ | ||